Reservation policy in Tamil Nadu / (Record no. 23613)

MARC details
000 -LEADER
fixed length control field 01004nam a22002417a 4500
008 - FIXED-LENGTH DATA ELEMENTS--GENERAL INFORMATION
fixed length control field 090213t xxu||||| |||| 00| 0 eng d
010 ## - LCCN (DPL NO)
LC control number ENG-92969
020 ## - INTERNATIONAL STANDARD BOOK NUMBER
International Standard Book Number 8177355708
Terms of availability 45.00
035 ## - SYSTEM CONTROL NUMBER
System control number EN-76502
037 ## - SOURCE OF ACQUISITION
Source of stock number/acquisition DBAD / PUB
040 ## - CATALOGING SOURCE
Original cataloging agency dpl
Language of cataloging English
082 ## - DEWEY DECIMAL CLASSIFICATION NUMBER
Classification number 305.5122095431
100 ## - MAIN ENTRY--PERSONAL NAME
Personal name Muthukumar, R.
245 ## - TITLE STATEMENT
Title Reservation policy in Tamil Nadu /
Statement of responsibility, etc by R. Muthukumar
260 ## - PUBLICATION, DISTRIBUTION, ETC. (IMPRINT)
Place of publication, distribution, etc Chennai
Name of publisher, distributor, etc Pavai Publications
Date of publication, distribution, etc 2008
270 ## - ADDRESS
Address #16, Jani Jan Khan Road, Royapettah,
City Chennai
Postal code 600014
300 ## - PHYSICAL DESCRIPTION
Extent ix, 122p.
Dimensions 20cm (pbk)
500 ## - GENERAL NOTE
General note Includes bibliographical references
650 ## - SUBJECT ADDED ENTRY--TOPICAL TERM
Topical term or geographic name as entry element People with social disabilities
General subdivision Government policy
Geographic subdivision India
-- Tamil Nadu
650 ## - SUBJECT ADDED ENTRY--TOPICAL TERM
Topical term or geographic name as entry element Reverse discrimination in employment
Geographic subdivision India
-- Tamil Nadu
942 ## - ADDED ENTRY ELEMENTS (KOHA)
Source of classification or shelving scheme Dewey Decimal Classification
Item type English Books
Call number suffix MUT
Classification part 305.5122095431
Holdings
Withdrawn status Lost status Source of classification or shelving scheme Damaged status Not for loan Collection code Home library Current library Date acquired Source of acquisition Cost, normal purchase price Total Checkouts Full call number Barcode Date last seen Copy number Cost, replacement price Koha item type
    Dewey Decimal Classification   Not For Loan Non-fiction D.B.Act.Division D.B.Act.Division 13/02/2009 DBAD / PUB 45.00   305.5122095431 MUT EN-76502 13/02/2009 1 45.00 English Books

© Delhi Public Library
Hit Counter
free hit counter